01951nam a2200397 a 4500001001200000003000800012006001900020007001500039008004100054010001700095020003900112020003600151020002700187040002100214035002100235043001200256050002500268082002500293100003300318245016700351260005600518300002300574490004600597504006400643505022600707533015200933650004201085650006801127650004701195650005901242651003301301655002901334710001701363830004701380856012601427ebr10496035CaPaEBRm u cr cn|||||||||091110s2010 gaua sb 001 0 eng d z 2009047689 z9780820330020 (cloth : alk. paper) z0820330027 (cloth : alk. paper) z9780820341941 (e-book) aCaPaEBRcCaPaEBR a(OCoLC)753324160 an-us-ms14aKFM7142b.W35 2010eb04a347.762/075209732221 aWaldrep, Christopher,d1951-10aJury discriminationh[electronic resource] :bthe Supreme Court, public opinion, and a grassroots fight for racial equality in Mississippi /cChristopher Waldrep. aAthens, Ga. :bUniversity of Georgia Press,cc2010. aix, 325 p. :bill.1 aStudies in the legal history of the South aIncludes bibliographical references (p. 301-317) and index.0 aMaking the fairy tale -- The discovery that race politicizes due process -- How revolutionary was the Civil War? -- Privileges and immunities in the Supreme Court -- The jury cases -- Getting blacks on Mississippi juries. aElectronic reproduction.bPalo Alto, Calif. :cebrary,d2013.nAvailable via World Wide Web.nAccess may be limited to ebrary affiliated libraries. 0aJury selectionzMississippixHistory. 0aDiscrimination in justice administrationzMississippixHistory. 0aRace discriminationzMississippixHistory. 0aAfrican AmericansxCivil rightszMississippixHistory. 0aMississippixRace relations. 7aElectronic books.2local2 aebrary, Inc. 0aStudies in the legal history of the South.40uhttp://site.ebrary.com/lib/rucke/Doc?id=10496035zAn electronic book accessible through the World Wide Web; click to view